| 000 | 01460nam0a22003611 4500 | ||
|---|---|---|---|
| 001 | RU\INFOCOMM_322\NLR\5000097268 | ||
| 005 | 20250613104745.0 | ||
| 035 | _a(NLR Aleph) 009513240 | ||
| 090 |
_a8779985 _c8779985 |
||
| 100 | _a20121210d1967 |||y0rusy50 ca | ||
| 101 | 0 | _aeng | |
| 102 | _aRU | ||
| 105 | _ay z ||||| | ||
| 200 | 1 |
_aSum rules for πρ scattering _fBy N. A. Kobylinsky [and] E. A. Krasnopevtsev _gUSSR Acad. of sciences. Siberian division. Inst. for mathematics |
|
| 210 |
_aNovosibirsk _d1967 |
||
| 215 |
_a8 с. _d21 см |
||
| 300 | _aНа обл. надзаголовок на рус. яз.: Академия наук СССР. Сибирское отделение. Институт математики | ||
| 300 | _aВ вып. дан.: Н. А. Кобылинский, Е. А. Краснопевцев. Правила сумм для πρ-рассеяния | ||
| 300 | _a"Preprint ТФ-35" | ||
| 309 | _aОтпечат. множит. аппаратом | ||
| 320 | _aБиблиогр.: с. 7 | ||
| 620 | _aНовосибирск | ||
| 686 |
_aФз-125 _2rubbk |
||
| 686 |
_a[В319,0] _2rubbk |
||
| 700 | 1 |
_9z01790 _aKobylinskij _bN. A. _gNikolaj Andreevič |
|
| 701 | 1 |
_9z02790 _aKrasnopevcev _bE. A. |
|
| 790 | 1 |
_9z01700 _aKobylinsky _bN. A. _4070 |
|
| 790 | 1 |
_9z02701 _aKrasnopevtsev _bE. A. _4070 |
|
| 801 | 1 |
_aRU _bNLR _c20121210 |
|
| 801 | 0 |
_aRU _bINFOCOMM _gPSBO |
|
| 852 |
_aNLR _jФз01 Д-4/23 |
||
| 942 | _cBOOK | ||
| 980 | _aNB | ||